Excercise physiology (Record no. 367)

MARC details
000 -LEADER
fixed length control field 00847 a2200217 4500
008 - FIXED-LENGTH DATA ELEMENTS--GENERAL INFORMATION
fixed length control field 080820t xxu||||| |||| 00| 0 eng d
010 ## - LIBRARY OF CONGRESS CONTROL NUMBER
LC control number ENG-84786
020 ## - INTERNATIONAL STANDARD BOOK NUMBER
International Standard Book Number 8175243244
Terms of availability 400.00
035 ## - SYSTEM CONTROL NUMBER
System control number EN-68319
037 ## - SOURCE OF ACQUISITION
Source of stock number/acquisition D.B.Act / Pub
082 ## - DEWEY DECIMAL CLASSIFICATION NUMBER
Classification number 613.7
100 ## - MAIN ENTRY--PERSONAL NAME
Personal name Sharma, J. P.
245 ## - TITLE STATEMENT
Title Excercise physiology
Statement of responsibility, etc by J. P. Sharma
260 ## - PUBLICATION, DISTRIBUTION, ETC. (IMPRINT)
Place of publication, distribution, etc New Delhi
Name of publisher, distributor, etc Khel Sahitya Kendra
Date of publication, distribution, etc 2006
270 ## - ADDRESS
Address 7/26, Ansari Road, Darya Ganj,
City New Delhi
State or province Delhi
Postal code 110002
Telephone number 55190343, 42564726
Fax number 42564726
Electronic mail address khelsahitya1@rediffmail.com
300 ## - PHYSICAL DESCRIPTION
Extent 343 p.
Dimensions 22 cm (Hb)
650 ## - SUBJECT ADDED ENTRY--TOPICAL TERM
Topical term or geographic name as entry element Physiology
General subdivision Sports
700 ## - ADDED ENTRY--PERSONAL NAME
Personal name Ambast, Ravi
942 ## - ADDED ENTRY ELEMENTS (KOHA)
Institution code [OBSOLETE] dpl
Koha item type English Books
Call number prefix 613.7 / EXE
Source of classification or shelving scheme Dewey Decimal Classification
Classification part 613.7
Call number suffix EXE
Holdings
Withdrawn status Lost status Damaged status Not for loan Collection code Home library Current library Date acquired Cost, normal purchase price Total Checkouts Full call number Barcode Date last seen Copy number Uniform Resource Identifier Cost, replacement price Price effective from Koha item type
      Not For Loan Non-fiction D.B.Act.Division D.B.Act.Division 20/08/2008 600.00   613.7 EXE EN-68319 15/09/2008 1 376 600.00 15/09/2008 English Books

© Delhi Public Library
Hit Counter
free hit counter